LDR 01362nam a2200289 i 4500 001 000000039034 003 CaOOAMICUS 005 20260525081529.0 008 101007s1991 it u000 u ita u 013 $a9719 020 $a88-399-0065-9 040 $aSeMil$bita 100 1 $aDefois, Gérard,$d<1931- >.$0(OLS)http://semarc/name/9784 240 14$aLes chrétiens dans la société.$0(OLS)http://semarc/title/55371 245 12$aI cristiani nella società :$bil mistero della salvezza nella sua traduzione sociale /$cGérard Defois ; aggiornamenti all'edizione italiana di Gianni Ambrosio. 260 $aBrescia :$bQueriniana,$c1991. 300 $a319 p. ;$c24 cm. 650 4$aSociologia cristiana.$0(OLS)http://semarc/subject/2045 700 1 $aAmbrosio, Gianni,$c
.$0(OLS)http://semarc/name/16022 773 0 $tManuale di teologia.$dBrescia : Queriniana, 1987.$g1$w()1231 850 $aSeMil 852 $aSeMil$W1$xVenegono$y1$m2B V 471$j272419$B5189$CSeMilBibl$Z2$F5189 $81 961 $aAcquisto: Casa editrice 996 $6020$a88-399-0065-9$9(OLS)http://semarc/number/8564 996 $6245$aI cristiani nella società :$bil mistero della salvezza nella sua traduzione sociale$9(OLS)http://semarc/title/55370 996 $6260$aBrescia :$bQueriniana$9(OLS)http://semarc/publisher/29615